Covid má 16 zdravotníkov s koronavírusom hospitalizovali 40 pacientov

Bibliographic Details
Main Author: Almášiová, Monika (Author)
Format: Article
Language:Slovak
PhysicalDescription:Fotografie
ISSN:2585-7355
Subjects:
Online Access:https://kosice.korzar.sme.sk/c/22508044/v-kosickej-nemocnici-sa-nakazilo-uz-sestnast-zdravotnikov.html

MARC

LEADER 00000nab a2200000u 4500
001 vtls012001612
003 SK-MaSNL
005 20260303210805.0
008 201103|20201013xo ||||||| || ||slo|
038 |a KEVKJB 
040 |a KEVKJB  |b slo  |e rda 
041 0 |a slo 
043 |a e-xo--- 
044 |a xo  |c SK 
072 7 |a 616.9  |x Prenosné choroby. Infekčné a kontaktné choroby, horúčky  |2 konspekt 
080 |a 616.9:578.834  |2 2011 
100 1 |a Almášiová, Monika  |4 aut  |9 1086573 
245 1 0 |a Covid má 16 zdravotníkov  |b s koronavírusom hospitalizovali 40 pacientov  |c Monika Almášiová 
300 |b Fotografie 
336 |a text  |b txt  |2 rdacontent 
337 |a bez média  |b n  |2 rdamedia 
338 |a zväzok  |b nc  |2 rdacarrier 
610 2 7 |a Univerzitná nemocnica L. Pasteura Košice  |2 SNKKAnba  |9 155401 
650 0 7 |a COVID-19  |2 SNKPH  |9 201532 
650 0 7 |a koronavírusy  |2 SNKPH  |9 84342 
651 7 |a Košice (Slovensko)  |2 SNKPHgeo  |9 18694 
773 0 |t Korzár  |g Roč. XXIII., č. 237 (13.10.2020), s. 6  |x 2585-7355 
852 |a KEVKJB  |b KIS3GCP 
856 4 1 |u https://kosice.korzar.sme.sk/c/22508044/v-kosickej-nemocnici-sa-nakazilo-uz-sestnast-zdravotnikov.html 
958 |a MI 
999 |c 2201746  |d 2203676